000 00536nam a22001817a 4500
005 20251108165247.0
008 250721s1999 xx 000 0 ara d
082 1 4 _a956.06516/عما
100 1 _aالعمايره، محمد نايف
245 1 0 _aمراحل سقوط الثغور الأندلسية بيد الإسبان /
264 1 _aعمان :
_c1999.
300 _a364ص.
650 1 7 _aتاريخ الأندلس
650 1 7 _aالأمويون
650 1 7 _aتاريخ إسبانيا
942 _2ddc
_cBK
999 _c23491
_d23491